Effectif du FC Porto 2022/2023 - Statistiques

Statistiques générales
  • Ce quiz a été pris 330 fois
  • Le résultat moyen est 19 sur 27
Statistiques - réponses
Poste/Nationalité Joueurs % Correct
DC - Portugal Pepe
98%
MD - Brésil Pepê
98%
GK - Portugal Diogo Costa
95%
ATT - Iran Taremi
95%
MG - Brésil Galeno
84%
DC - Espagne Ivan Marcano
83%
DG - Nigeria Zaidu
83%
MD - Portugal Otavio
82%
ATT - Brésil Evanilson
81%
MDC - Colombie Uribe
81%
ATT - Espagne Toni Martinez
80%
DG - Brésil Wendell
79%
ATT - Angleterre Danny Namaso
78%
MDC - Serbie Grujic
77%
DD - Portugal João Mario
77%
GK - Portugal Claudio Ramos
68%
GK - Brésil Samuel
63%
DC - Portugal David Carmo
62%
DC - Portugal Fabio Cardoso
62%
DD - Portugal Rodrigo Conceição
62%
MC - Portugal Eustaquio
57%
DD - Portugal Manafa
55%
MG - Brésil Gabriel Veron
51%
MOC - Portugal André Franco
45%
MD - Portugal Gonçalo Borges
40%
MC - Portugal Bruno Costa
39%
MC - Portugal Bernardo Folha
29%
Aucun quiz correspondant
Distribution des résultats
% des personnes avec chaque résultat
Percentile par nombre de réponses
Votre historique - résultats
Vous n’avez pas pris ce quiz